000 00541nam a22001817a 4500
005 20240611124122.0
008 240611b |||||||| |||| 00| 0 eng d
020 _a9788129711793
082 _a004.62
_bHAS-H
100 _aHassan, Mahbub
245 _aHigh performance Tcp/Ip networking :
_bConcepts, issues, and solutions /
_cRaj Jain
260 _aUSA:
_bPearson;
_c2004.
300 _axiv, 387 P. :
_bIll;
_c24 cm.
500 _ainclude index.
650 _acomputer science/ web operating system
700 _aRaj Jain
999 _c35892
_d35892